[Event "BL2-West 0001"]
[Site "Germany"]
[Date "2001.03.11"]
[Round "7.1"]
[White "Van der Weide, Karel"]
[Black "Lautier, Joel"]
[Result "0-1"]
[WhiteElo "2467"]
[BlackElo "2648"]
[Annotator "Lautier,J"]
[PlyCount "80"]
[EventDate "2000.10.15"]
[EventType "team-tourn"]
[EventRounds "9"]
[EventCountry "GER"]
[SourceTitle "CBM 083"]
[Source "ChessBase"]
[SourceDate "2001.07.05"]
[SourceVersion "1"]
[SourceVersionDate "2001.07.05"]
[SourceQuality "1"]
[WhiteTeam "Muenster"]
[BlackTeam "Heiligenhaus"]
[WhiteTeamCountry "GER"]
[BlackTeamCountry "GER"]

1. e4 e5 2. Nf3 Nc6 3. Bb5 a6 4. Bxc6 dxc6 5. O-O f6 6. d4 Bg4 7. dxe5 Qxd1 8.
Rxd1 fxe5 9. Rd3 Bd6 10. Nbd2 Nf6 11. b3 O-O $1 12. Bb2 Rae8 13. Re1 (13. h3
Bxf3 (13... Bc8 $5 {/\ Nh5-f4} 14. Nc4 (14. Re1 Nh5 15. Nc4 Nf4 16. Rd2 Nxh3+
17. Kh2 Bb4 18. c3 Bc5 $15) (14. Kh2 b5 $11) 14... Nxe4 15. Ncxe5 Bf5 $11) 14.
Rxf3 Bb4 15. Nc4 (15. Bc3 Bxc3 16. Rxc3 Rd8 $11) 15... Nxe4 16. Rxf8+ Kxf8 17.
Nxe5 Bc3 $11) 13... b5 14. g3 {/\ Kg2, h3} Bh3 (14... Nd7 15. Kg2 Nc5 16. Rde3
a5 $11) 15. Ng5 Bc8 16. Kg2 Nd7 17. Rf3 Nf6 18. Rd3 Re7 $1 {/\ Nd7} 19. Re2 $6
{>< Re2} Nd7 20. Rf3 Rfe8 21. Rd3 Nc5 22. Rde3 a5 (22... Nb7 $5 {/\ Bc5, Nd6}
23. Ngf3 Bc5 24. Rd3 (24. Rc3 Bd7) 24... Nd6 {/\ Bb6, a5 ; /\ Bb6, c5} 25. Rc3
Bb4 $15) 23. Ngf3 Nd7 (23... Nb7 $142) 24. Nh4 g6 25. Nhf3 {/\ h4-h5} Nb6 (
25... Rf8 $5 26. h4 $140 Nf6) 26. h4 h6 (26... h5 $5 27. Ng5 a4) 27. h5 g5 28.
Nh2 Be6 {/\ Nd7} (28... g4 29. f3 gxf3+ 30. Rxf3 $11 (30. Ndxf3 Rg7 31. Nh4 Rg5
32. N4f3 $11)) 29. Rf3 $6 (29. f3 Bf7 30. g4 (30. Ng4 Re6 $15) 30... a4 31.
Nhf1 Ra8 $15) 29... Nd7 30. Ndf1 g4 $1 31. Rd3 Nf6 $36 32. Ne3 (32. Bc1 Kh7 33.
Ne3 Rg8 34. Nf5 Bxf5 35. exf5 Nxh5 $15) 32... Rg7 33. Nf5 Bxf5 34. exf5 Rg5 35.
f3 $2 $138 (35. Rde3 Rxf5 36. f4 gxf3+ 37. Rxf3 Rxf3 38. Nxf3 $15) 35... gxf3+
36. Rxf3 $2 (36. Nxf3 Rxf5 37. Rde3 Rxh5 38. Nxe5 Nd5 39. Re4 Rg5 $17) 36... e4
37. Rfe3 Nxh5 $19 38. Rxe4 Rxg3+ 39. Kf2 (39. Kf1 Rxe4 40. Rxe4 Rg5 41. Rh4
Ng3+ 42. Kf2 Nxf5 $19) (39. Kh1 Rxe4 40. Rxe4 Rh3 41. Be5 Nf6 42. Bxf6 Rxh2+
43. Kg1 Rxc2 $19) 39... Bc5+ 40. Ke1 Rg1+ (40... Rg1+ 41. Nf1 (41. Kd2 Rd8+ $19
) 41... Rxe4 42. Rxe4 Rxf1+ $19) 0-1

[Event "POL-ch 65th"]
[Site "Lublin"]
[Date "2008.03.07"]
[Round "11"]
[White "Macieja, Bartlomiej"]
[Black "Miton, Kamil"]
[Result "1-0"]
[WhiteElo "2617"]
[BlackElo "2609"]
[Annotator "Macieja,B"]
[PlyCount "71"]
[EventDate "2008.02.02"]
[EventType "tourn"]
[EventRounds "13"]
[EventCountry "POL"]
[EventCategory "13"]
[SourceTitle "CBM 123"]
[Source "ChessBase"]
[SourceDate "2008.04.02"]
[SourceVersion "1"]
[SourceVersionDate "2008.04.02"]
[SourceQuality "1"]

1. e4 e5 2. Nf3 Nc6 3. Bb5 a6 4. Bxc6 dxc6 5. O-O f6 6. d4 exd4 7. Nxd4 c5 8.
Nb3 Qxd1 9. Rxd1 Bg4 10. f3 Bd7 11. Nc3 O-O-O 12. Bf4 c4 13. Na5 Bc5+ 14. Kf1
b5 15. Nd5 Ne7 16. Bxc7 Nxd5 17. Rxd5 Kxc7 18. Rxc5+ Kb6 19. b4 cxb3 20. Nxb3
Be6 21. Rc3 a5 22. a4 Rc8 $1 $146 {An equalising novelty.} (22... b4) 23. Rxc8
Rxc8 24. axb5 ({White is unable to win also after} 24. Nd4 Bc4+ 25. Kf2 b4 $11
{due to the weaknesses c2 and a4.}) 24... Bxb3 $1 {Correct decision.} (24...
Rxc2 {leaves White chances to win.} 25. Nxa5 Kxb5 26. Nb7 $14) 25. cxb3 Rc3 $6
{First inaccuracy.} (25... Kxb5 26. Rd1 (26. Kf2 Rc2+ 27. Kg3 Rb2 28. Ra3 Kb4
29. Ra4+ Kb5 $11) 26... Rc3 27. Rd7 Kb6 $1 {A very important resource here and
in all similar positions.} 28. Rxg7 Rxb3 $11) 26. Rb1 Kxb5 27. Kf2 Kb4 28. f4
Rc5 $4 {This move already loses. The simplest way was to play} (28... Rxb3 29.
Rxb3+ Kxb3 30. e5 fxe5 31. fxe5 a4 32. e6 a3 33. e7 a2 34. e8=Q a1=Q 35. Qg8+
Kb4 36. Qxh7 Qf6+ $11 {with a perpetual check.}) 29. Ke3 Rc3+ (29... Rc2 30. e5
fxe5 31. fxe5 Rxg2 (31... Kc5 32. Re1 $1 $18) 32. Re1 $1 Rc2 33. e6 Rc8 34. e7
Re8 35. Kd4 Kxb3 36. Kd5 a4 37. Ke6 a3 38. Kf7 $18) 30. Kd2 $1 Rc5 (30... Rxb3
31. Rxb3+ Kxb3 32. e5 fxe5 33. fxe5 a4 34. Kc1 $18) 31. h4 Rc3 32. e5 fxe5 33.
fxe5 Rc5 34. Re1 $1 {The rest is simple.} Kxb3 35. e6 Rd5+ (35... Rc8 36. e7
Re8 37. Kd3 $18) 36. Ke3 (36. Ke3 Re5+ 37. Kf2 Rf5+ 38. Kg3 Rf8 39. e7 Re8 40.
Kf4 Kc4 41. Kf5 Kd5 42. Rd1+ Kc6 43. Ke6 $18) 1-0

[Event "World-ch Tournament"]
[Site "Mexico City"]
[Date "2007.09.20"]
[Round "7"]
[White "Svidler, Peter"]
[Black "Aronian, Levon"]
[Result "1/2-1/2"]
[WhiteElo "2735"]
[BlackElo "2750"]
[Annotator "Marin,M"]
[PlyCount "40"]
[EventDate "2007.09.13"]
[EventType "tourn"]
[EventRounds "14"]
[EventCountry "MEX"]
[EventCategory "21"]
[SourceTitle "CBM 120"]
[Source "ChessBase"]
[SourceDate "2007.10.02"]
[SourceVersion "1"]
[SourceVersionDate "2007.10.02"]
[SourceQuality "1"]

1. e4 e5 2. Nf3 Nc6 3. Bb5 a6 4. Bxc6 {An early deviation from the Marshall
Attack. Una desviación temprana del Ataque Marshall.} dxc6 5. O-O f6 6. d4 exd4
7. Nxd4 c5 8. Ne2 Qxd1 9. Rxd1 Bd7 10. Nbc3 O-O-O 11. Be3 {We are following
well-known paths. White is better developed, but Black's kingside structure
and his pair of bishops do not allow the rapid activation of White's forces.}
Re8 {A typical method in the Exchange Spanish. Black abandons the d-file,
which is not so important yet, because White cannot infiltrate through it, for
the sake of avoiding simplifications and putting pressure on the e4-pawn.} 12.
Rd2 Bc6 13. Rad1 b6 14. f3 Bd6 {This might have come as a suprise for Aronian,
since it was played on very rare occasions.} ({The main stream of theory
continues} 14... Ne7 15. Nf4 Ng6 16. Nxg6 hxg6 17. Bf4 Be7 18. Nd5 Bd8 {
White has an active position, but it is not easy to find a concrete way for
making progress.} 19. Ne3 $1 {[%csl Gg4] The best way to maintain the
advantage of space.} (19. c4 g5 20. Bg3 g4 $1 21. Re1 gxf3 22. gxf3 g5 $132 {
Socko,B (2621)-Akopian,V (2713)/Port Erin 2006/CBM 114 ext (1/2-1/2, 29)})
19... g5 20. Bg3 g6 21. Bf2 Rh7 22. g4 c4 23. Kg2 b5 24. c3 {Laznicka,V (2608)
-Georgiev,V (2540)/Dresden 2007/CBM 118 (1-0, 42). The evaluation has not
changed much since the 18th move.}) 15. Bf4 {A logical reaction. White is
happy to deprive his opponent of the pair of bishops.} Bxf4 16. Nxf4 Nh6 $1 {
On the other hand, Black has got this additional way of developing his knight,
without fearing Bxh6 anymore.} 17. Kf2 $146 {Both sides have developed in a
harmonious way. White's advantage is more of an optical nature. His domination
along the d-file is rather sterile, while the kingside majority is not easy to
promote, being submitted to strong pressure by the enemy bishop. On the other
wing, Black's structure is rock solid and provides him with outposts for his
pieces (c6, d4). Ambos bandos han completado su desarrollo. La ventaja delas
blancas es más bien de naturaleza, digamos, óptica. La dominación sobre la
columna de d es bastante esterila, mientras que la mayoría de peones del
flanco de rey no es fácil de avanzar, al ser sometida a fuerte presión por el
alfil enemigo. En el otro flanco, la estructura negra es muy sólida y ofrece a
sus figuras casillas estables como c6 y d4.} ({Previously,} 17. Nh5 {was
played in a couple of games. The knight stands actively here, but it will
eventually be driven away with a later ...g6.} Rhg8 {[%cal Yf6f5] The best way
to defend the pawn.} (17... Re7 $6 18. Nd5 Rf7 19. g4 $14 {[%csl Gh6] Rause,O 
(2565)-Cutillas Ripoll,P (2465)/W-Cup6 fin corr 1994/Corr 2002 (1-0, 44).
leads to some congestion of Black's pieces.}) 18. g4 Nf7 {[%csl Gf3][%cal
Yg7e5]} 19. Kf2 Kb7 (19... Ne5 20. b3 a5 21. h3 Kb7 22. Nd5 {and now, in the
game Kasparov,S (2491)-Maiorov,N (2490)/Minsk 2006/CBM 111 ext (1/2-1/2, 57),
White had no special reason to refrain from} a4 $5 $132) 20. b3 a5 21. a4 Ne5
22. h3 c4 {Getting rid of the doubled pawns. For somebody used to the Berlin
Defence, this is just a great position for Black.} 23. f4 {[%csl Ye4]} Nf7 24.
Re2 cxb3 25. cxb3 Re7 26. Re3 Nd6 27. Rde1 Rf8 28. Ng3 g6 $132 {Zapata,A (2556)
-Sasikiran,K (2670)/Bled 2002/EXT 2003 (0-1, 67). White has an advantage of
space, but his e4-pawn needs permanent care. Besides, making further progress
looks virtually impossible and in the long run Black has chances to take over
the initiative.}) 17... f5 18. exf5 Nxf5 19. Re1 Rxe1 20. Kxe1 g5 {The
position can be evaluated as roughtly equal, but remains quite interesting.
From the spectator's point of view, the abrupt end is slightly frustrating. La
posición ofrece posibilidades aproximadamente iguales, pero en realidad queda
muy interesante. Desde el punto de vista del espectador, el final abrupto es
bastante frustrante.} 1/2-1/2

[Event "Odorheiu Secuiesc zt"]
[Site "Odorheiu Secuiesc"]
[Date "1995.??.??"]
[Round "8"]
[White "Almasi, Zoltan"]
[Black "Marin, Mihail"]
[Result "1-0"]
[WhiteElo "2590"]
[BlackElo "2540"]
[Annotator "Marin,M"]
[PlyCount "75"]
[EventDate "1995.03.??"]
[EventType "swiss"]
[EventRounds "9"]
[EventCountry "ROU"]
[SourceTitle "CBM 047"]
[Source "ChessBase"]
[SourceDate "1995.08.01"]
[SourceVersion "1"]
[SourceVersionDate "1995.08.01"]
[SourceQuality "1"]

1. e4 {Wedberg} e5 2. Nf3 Nc6 3. Bb5 a6 4. Bxc6 dxc6 5. O-O f6 6. d4 Bg4 7. c3
Bd6 8. Be3 Qe7 (8... Ne7 {Wedberg} 9. Nbd2 Qd7 10. dxe5 fxe5 11. h3 Be6 12. Ng5
$14 {Benjamin,J-Sokolov,I/Donner mem-A/1994}) 9. Nbd2 exd4 (9... O-O-O 10. Qc2
(10. Re1 {Wedberg} Nh6 11. Qc2 $32) 10... exd4 11. Nxd4 $14 {Rozentalis,
E-Marin,M Belfort 1995}) (9... Nh6 {Wedberg} 10. h3 Bd7 11. Qb3 b6 12. dxe5
fxe5 13. Nc4 Nf7 14. Rfd1 $16 {Mecking,H-Rocha,A/Mar del Plata/1969}) 10. cxd4
O-O-O 11. Qc2 $6 (11. Rc1 Bb4 $5) (11. a3 $5) (11. h3 $142 {Wedberg}) 11... Re8
{(/\12...Bxf3 13.gxf3=/+) /\Bxf3, ><e4} 12. e5 $5 (12. Nh4 $5 {Wedberg} g5 13.
h3 Bxh3 (13... gxh4 14. hxg4 h5 15. g5 fxg5 16. e5 Bb4 17. Qf5+ $16) (13... Bd7
14. Nhf3 g4 15. hxg4 Bxg4 16. Nh2 $6 (16. Nh4 $13) (16. e5 $5 fxe5 17. dxe5
Bxe5 18. Rae1 Bf6 19. Bf4 Qf8 20. Ne5 $36) 16... h5 $40 17. f4 $2 Bf5 $1) 14.
gxh3 gxh4 15. Qd1 $13) 12... Bb4 $15 (12... fxe5 13. dxe5 Bxe5 14. Rfe1 (14.
Rae1 {Wedberg} Bf6 $8 (14... Bd6 15. Bd4 Be6 16. Ne4 $16) (14... Qf8 15. Qc5 $1
$16) 15. Bf4 (15. Bc5 Qf7 16. Rxe8+ Qxe8 17. Re1 Qf7 18. Ne5 Bxe5 19. Rxe5 Nf6
20. Re7 Qxa2 $17) 15... Qf8 $1 (15... Qd7 16. Qc5 Kb8 17. Rxe8+ Qxe8 18. Re1
Qd8 19. Be3 $40) 16. Rxe8+ Qxe8 17. Qc5 (17. Re1 Qf8 $15) 17... b6 $15) (14.
Bc5 Qf7 15. Nxe5 Rxe5 16. Bd4 Rd5 $15) 14... Bf6 (14... Bxf3 15. Nxf3 Bf6 16.
Rad1 $36) (14... Qf7 15. Qc5 Bd6 16. Qa7 $16) (14... Bd6 15. Bd4 Qd7 16. Rxe8+
Qxe8 17. Bxg7 $18) 15. Bd4 Qd7 16. Ne5 Bxe5 17. Bxe5 Nf6 18. Nc4 {~/=/=/+}) 13.
h3 Be6 (13... Bh5 $4 14. Qf5+) 14. Ne4 (14. a3 Bxd2 15. Nxd2 Bd5 $17) 14... Qf7
15. a3 Bb3 16. Qb1 (16. Neg5 fxg5 17. Nxg5 Bxc2 18. Nxf7 Bb3 19. Nxh8 Ba5 $17)
16... Be7 (16... Bf8 $5) (16... Ba5 $1 $17) 17. Nfd2 Bd5 $2 (17... Be6 $1 $17
18. f4 (18. b4 f5 19. Ng5 (19. Nc5 f4 (19... Bxc5 20. dxc5 f4 21. Bd4 Ne7 $17)
20. Nxe6 fxe3 $19) 19... Bxg5 20. Bxg5 h6 21. Bf4 g5 $17) 18... Nh6 19. b4 Nf5
20. Bf2 h5) 18. f4 $1 $14 Bd8 $5 (18... Nh6 19. f5 fxe5 20. dxe5 $1 (20. Bxh6
gxh6 21. dxe5 Rhg8 $132) 20... Nxf5 $2 21. Rxf5 $1 (21. g4 g6 $1 22. gxf5 gxf5
$44) 21... Qxf5 $2 22. Nd6+) (18... f5 19. Nc3 Nh6 20. b4 $16) 19. b4 f5 20.
Nc3 Ne7 21. a4 b6 22. Qd3 Kb7 23. b5 cxb5 (23... a5 $5) 24. axb5 a5 25. Na4 Kb8
26. Nc5 $1 Ba8 $1 (26... bxc5 27. dxc5 {(/\c6,Rxa5)} c6 28. b6 $18) 27. Na6+
Kc8 28. Rfc1 Qg6 29. Qe2 Nd5 30. Nc4 Re6 31. Bd2 (31. Nd6+ Rxd6 32. exd6 Qxd6
$15) 31... Rhe8 (31... Qh6 $5) (31... Qg3 $5 32. Nd6+ (32. Ra3 Nxf4 33. Bxf4
Qxf4 $17) 32... Rxd6 33. exd6 Nxf4 34. Bxf4 Qxf4 35. Nxc7 $18) 32. Kh2 Qh6 $5 (
32... Qf7 33. Qf3 {/\Nc5, /\Nxa5, /\Bxa5}) 33. Qf3 Bb7 $2 (33... g5 $5 34. fxg5
(34. Nc5 g4 $40) (34. Nxa5 g4 $40) 34... Bxg5 35. Bxg5 Qxg5 36. Nxa5 $3 (36.
Nxc7 $2 Kxc7 $1 (36... Nxc7 $2 37. Nxb6+ Rxb6 (37... Kb8 38. Nxa8 Nxa8 39. Rxa5
Nb6 40. Rc6 $40) 38. Qxa8+ Rb8 (38... Kd7 39. Qa7) 39. Qa6+ Rb7 (39... Kd7 40.
Qc6+) 40. Rxc7+ Kxc7 41. Qc6+ $18) 37. Ne3+ Kb8 38. Nxd5 Qd8 $19 39. Rc6 $140
Rxc6 40. bxc6 Bxc6) (36. Nd6+ {Proposed by Almasi during the post-mortem,} Rxd6
37. exd6 Re3 38. Nxc7 (38. Qf2 Nc3 $1 39. Nxc7 Bxg2 40. Qxg2 Re2 41. Qxe2 Nxe2
42. Ne6+ Qxc1 43. Rxc1+ Nxc1 44. d5 a4 45. Nd4 a3 46. Nc2 a2 47. Na1 Kd7 $19)
38... Rxf3 39. Ne6+ Kd7 40. Nxg5 Rf2 41. Rf1 Rb2 42. Rab1 Ra2 43. Rxf5 $6 (43.
Ra1 $10) 43... Ne7 $1 44. Rf3 Bxf3 45. Nxf3 Kxd6 $17) 36... bxa5 37. Nxc7 Nxc7
38. Qxa8+ Kd7 39. Qb7 (39. Rxc7+ Kxc7 40. Qxa5+ Kd7 41. Qa7+ Kd8 42. Qc5 $18)
39... Rc8 40. b6 $18) 34. Nc5 $1 $18 bxc5 35. Nxa5 Ba8 36. Nc6 Nb6 (36... Bxc6
{Wedberg} 37. bxc6 Nb6 38. d5 Rg6 39. Qa3 $18) 37. dxc5 Rxc6 (37... Bxc6 38.
bxc6 Rxc6 39. cxb6 $18) 38. cxb6 1-0

[Event "Corus-B"]
[Site "Wijk aan Zee"]
[Date "2009.01.23"]
[Round "6"]
[White "Reinderman, Dimitri"]
[Black "Short, Nigel D"]
[Result "0-1"]
[WhiteElo "2549"]
[BlackElo "2663"]
[Annotator "Marin,M"]
[PlyCount "74"]
[EventDate "2009.01.17"]
[EventType "tourn"]
[EventRounds "13"]
[EventCountry "NED"]
[EventCategory "16"]
[SourceTitle "CBM 129"]
[Source "ChessBase"]
[SourceDate "2009.03.25"]
[SourceVersion "1"]
[SourceVersionDate "2009.03.25"]
[SourceQuality "1"]

1. e4 e5 2. Nf3 Nc6 3. Bb5 a6 4. Bxc6 dxc6 5. O-O f6 {I always have considered
that the line played in this game should be regarded as the unchallenged main
line against the exchange variation. I see no problems for Black whatsoever
and even feel that White should be careful in order to avoid getting the worse
position. I have also recommended and analysed it in the book Beating the Open
Games. For some reasons, players of the younger generation frequently resort
to secondary lines, with variable success, but Short belongs to the classic
already...} (5... Be7 $5 {Leko,P (2738)-Aronian,L (2761)/Dortmund 2006/CBM 114/
[Marin,M] (1-0, 63)}) 6. d4 Bg4 (6... exd4 7. Nxd4 c5 {Svidler,P (2735)
-Aronian,L (2750)/Mexico City 2007/CBM 120/[Marin,M] (1/2, 20)}) 7. c3 {
This is the most consistent variation.} ({The early release of the tension in
the centre offers Black comfortable play. Here is a recent game of mine.} 7.
dxe5 Qxd1 8. Rxd1 fxe5 9. Rd3 Bd6 10. Nbd2 b5 11. b3 Ne7 12. Bb2 Ng6 13. g3 O-O
14. Kg2 Rf6 15. Ng1 Raf8 16. f4 exf4 $1 {Black gets a nice domination on dark
squares, compensating for the exchange.} 17. Bxf6 gxf6 18. Ngf3 Kf7 $1 {
[%cal Gf8g8]} 19. a4 Rg8 20. Kf2 {1/2 Milu,R (2430)-Marin,M (2552)/Predeal
2006/EXT 2007} ({Actually, a more elegant way to force a draw would be} 20.
axb5 Bxf3+ 21. Nxf3 fxg3 22. Rxd6 Nf4+ 23. Kf1 g2+ 24. Kf2 Nh3+ 25. Ke3 cxd6
26. bxa6 $11) 20... Bc5+ 21. Kf1 Bh3+ (21... fxg3 22. hxg3 Bd6 $11) 22. Ke2 Bg4
23. Kf1 $11) 7... Bd6 8. Be3 Ne7 9. dxe5 {After weakening the d3-square, this
looks even less recommendable than in the previous comment.} (9. Nbd2 {is the
most consistent continuation.}) 9... fxe5 10. c4 {The plan initiated by this
move usually is carried out after inserting h2-h3 at some point.} (10. h3 Bh5
11. c4 c5 12. b4 b6 13. bxc5 bxc5 14. Nbd2 O-O 15. Qa4 (15. Rb1 Nc6 $15) 15...
Qc8 $1 {[%cal Gh5f3,Gc8h3,Gf8f3] This move takes full advantage of the
weakness induced by the move h3. The threat of an exchange sacrifice on f3 is
entirely real.} 16. Kh2 (16. Nh2 Qe6 17. Rab1 h6 18. f3 Rfd8 19. Rb2 Bf7 20.
Ng4 Ng6 21. g3 h5 22. Nf2 {Baklan,V (2618)-Kallio,H (2502)/Batumi 2002/CBM 090
(1-0, 39)} h4 $15) 16... Ng6 {Black threatens 17...Bxf3 18.Nxf3 Rxf3 19.gxf3
Nh4 with attack.} 17. g4 Bxg4 $1 18. hxg4 Qxg4 19. Qd1 $6 (19. Rg1 Qh5+ 20. Kg3
Nf4 21. Bxf4 Rxf4 22. Kg2 Rxf3 23. Nxf3 Qg4+ 24. Kf1 Qxf3 $44) 19... Rf5 20.
Ng5 Rxg5 21. Qxg4 Rxg4 $17 {Shaw,J (2432)-Ashton,A (2321)/Gibraltar 2006/CBM
110 ext (1/2, 49)}) 10... c5 11. b4 b6 12. bxc5 bxc5 13. Nbd2 O-O ({In
principle, Black would like to install the knight on d4, but} 13... Nc6 {
is premature, because it leads to the undesired queen exchange after} 14. Qa4
Qd7 15. Rfb1 Nd4 16. Qxd7+ Kxd7 17. Ne1 Rhb8 18. f3 Be6 19. Kf2 {White can
hope to get a favourable form of placing the knight on d3 and threaten Bxd4,
when his stability on light squares would become annoying.}) 14. Qa4 (14. Rb1
Nc6 $1) 14... Ng6 $1 {Black adapts his strategy to the minor difference
induced by White's refraining from h2-h3. In the games quoted above, the last
move would lose the bishop to g2-g4.} (14... Qc8 {would be pointless without a
target on h3.} 15. Qa3 $5 {[%csl Gc5]}) 15. Kh1 {Preparing a thematic
regrouping.} ({White cannot free himself from the pressure aginst the
f3-square easily, because} 15. h3 Bd7 16. Qa5 Qe7 {leaves the h3-pawn
vulnerable.}) 15... Qe7 16. Ne1 {With the king on g1 this move would drop an
exchange to Be2. White's play in this phase of the gamelooks logical, being
aimed to maintain the structural flexibility, but his knights will remain
quite passive.} Nf4 17. f3 Bd7 18. Qa5 Rf6 {Even in the absence of the target
on h3, this simple rook lift leads to very dangerous attack.} 19. Rf2 ({
White is not sufficiently well prepared to attack the relatively weak c5-pawn.
} 19. Nb3 Qf7 20. Rc1 Ne2 21. Rc2 Nd4 22. Bxd4 exd4 {White's kingside is in
danger.}) 19... Rh6 20. Nf1 ({Once again,} 20. Nb3 {leaves the kingside
vulnerable.} Qh4 21. g4 Qg3 22. Bxc5 (22. Nxc5 Bxg4 $1 {[%cal Gg3e3]}) 22...
Rf8 $36) 20... g5 {[%cal Gg5g4]} 21. g4 {White tries to consolidate on light
squares, but he will fail to do so.} (21. g3 Ne6 $15 {[%cal Ge6d4,Ga8f8]})
21... Rh3 22. Ng3 h5 $1 23. gxh5 (23. Bxf4 exf4 24. Nxh5 Rf8 $1 {This strong
move completes the mobilisation of forces, maintaining all the threats.} (24...
Bxg4 $6 25. fxg4 Qxe4+ $2 26. Nf3 $18 {[%cal Gh5f6] In this line, we can see
that a rook would be most useful on f8.}) 25. Kg2 Rh4 26. h3 Be8 $36) 23... Rf8
24. Qd2 Qf7 25. Rc1 Be6 $15 {Black is perfectly regrouped for the attack,
while White can do little more than wait. In the game he will force the events
and go down quickly.} 26. Bxf4 $6 exf4 27. Nf5 Bxf5 28. exf5 Qxf5 29. Nd3 g4
$40 30. Qe2 g3 31. Rg2 Qxh5 32. Qe6+ Kg7 33. Rcc2 Re8 34. Qd5 Qxd5 35. cxd5 Re3
36. Nf2 Re1+ 37. Rg1 Rxh2# 0-1